| Поле | Название | Значение |
| |
Тип записи |
a |
| |
Библиографический уровень |
m |
| 001 |
Контрольный номер |
RU/URAIT/584886 |
| 005 |
Дата корректировки |
20260429163659.9 |
| 008 |
Кодируемые данные |
260429s2026 RU y f j 000 0 rus u |
| 020 |
Индекс ISBN |
__ |
| a |
ISBN |
978-5-534-20026-3 |
| c |
Цена, тираж |
999.00 |
| 040 |
Источник каталогиз. |
__ |
| a |
Служба первич. каталог. |
ИКО Юрайт |
| c |
Служба, преобразующая запись |
ИКО Юрайт |
| e |
Правила каталог. |
RCR |
| 041 |
Код языка издания |
__ |
| a |
Код языка текста |
rus |
| 044 |
Код страны публикации |
__ |
| a |
Код страны публикации |
RU |
| 080 |
Индекс УДК |
__ |
| a |
Индекс УДК |
687.55(075.32) |
| 084 |
Индекс другой классификации/Индекс ББК |
__ |
| 2 |
Источник индекса |
rubbk |
| a |
Индекс другой классификации/Индекс ББК |
38.937я723 |
| 100 |
Автор |
__ |
| a |
Автор |
Остроумова Е. Б. |
| q |
Полное имя |
Остроумова Евгения Борисовна |
| 245 |
Заглавие |
__ |
| a |
Заглавие |
Основы косметологии. Макияж |
| b |
Продолж. заглавия |
учебник для спо |
| c |
Ответственность |
Е. Б. Остроумова. |
| 250 |
Сведения об издании |
__ |
| g |
|
испр. и доп |
| a |
Основные сведения об издании |
3-е изд. |
| 256 |
Характеристики компьютерного файла |
__ |
| a |
Характеристики компьютерного файла |
Электрон. дан. |
| 260 |
Выходные данные |
__ |
| a |
Место издания |
Москва |
| b |
Издательство |
Юрайт |
| c |
Дата издания |
2026 |
| 300 |
Физическое описание |
__ |
| a |
Объем |
166 с |
| 440 |
Серия |
__ |
| a |
Серия |
Профессиональное образование |
| 500 |
Примечания |
__ |
| a |
Примечание |
URL: https://urait.ru/bcode/584886 (дата обращения: 29.04.2026). |
| 520 |
Аннотация |
__ |
| a |
Аннотация |
В курсе на конкретном материале показана методика обучения основам декоративной косметики с учетом того, что формирует творческую личность и развивает художественный вкус. В курсе содержатся основные сведения о косметике, об уходе за лицом, волосами, даются представления о правильности наложения макияжа, о татуировках и боди-арте. В конце каждой темы курса помещены контрольные вопросы. Для закрепления профессиональных навыков в конце курса предлагаются варианты практических заданий, представлен иллюстративный материал, схемы и таблицы. Соответствует актуальным требованиям Федерального государственного образовательного стандарта среднего профессионального образования и профессиональным требованиям. Курс предназначен для студентов образовательных учреждений среднего профессионального образования, преподавателям и всем интересующимся. |
| 538 |
Прим. о системных особенностях |
__ |
| a |
Прим. о системных особенностях |
Режим доступа: Электронно-библиотечная система Юрайт, для авториз. пользователей |
| 653 |
Ключевые слова |
__ |
| a |
Ключевые слова |
Охрана и профилактика здоровья. Социальная, спортивная медицина. История медицины |
| 653 |
Ключевые слова |
__ |
| a |
Ключевые слова |
Медицина и фармакология |
| 653 |
Ключевые слова |
__ |
| a |
Ключевые слова |
Искусство и технология макияжа |
| 653 |
Ключевые слова |
__ |
| a |
Ключевые слова |
Основы косметологии |
| 653 |
Ключевые слова |
__ |
| a |
Ключевые слова |
Стрижки и укладки волос |
| 653 |
Ключевые слова |
__ |
| a |
Ключевые слова |
Основы декоративной косметики |
| 653 |
Ключевые слова |
__ |
| a |
Ключевые слова |
Выполнение комплекса косметических услуг по уходу за кожей лица, шеи и зоны декольте |
| 653 |
Ключевые слова |
__ |
| a |
Ключевые слова |
Выполнение комплекса косметических услуг по уходу за телом |
| 653 |
Ключевые слова |
__ |
| a |
Ключевые слова |
Санитарно-гигиеническая подготовка зоны обслуживания для предоставления эстетических услуг |
| 653 |
Ключевые слова |
__ |
| a |
Ключевые слова |
Проведение эстетико-технологических процессов косметических услуг |
| 653 |
Ключевые слова |
__ |
| a |
Ключевые слова |
Основы декоративной косметики и сценического грима |
| 653 |
Ключевые слова |
__ |
| a |
Ключевые слова |
Выполнение стрижек и укладок волос |
| 653 |
Ключевые слова |
__ |
| a |
Ключевые слова |
Косметология |
| 653 |
Ключевые слова |
__ |
| a |
Ключевые слова |
Выполнение салонного и специфического макияжа |
| 653 |
Ключевые слова |
__ |
| a |
Ключевые слова |
Предоставление косметических услуг |
| 856 |
Электронный адрес документа |
40 |
| n |
Местонахождение сервера |
Юрайт |
| g |
|
Электронная книга |
| q |
Тип электронного формата |
html |
| h |
Имя пользователя |
ЮРАЙТ |
| v |
Часы доступа к ресурсу |
20271231 |
| 2 |
Способ доступа |
Показать документ |
| x |
Служебное примечание |
https://urait.ru/book/cover/CC8E31F6-D49D-47B3-B00D-56CBFCC5406D |
| u |
URL |
https://urait.ru/bcode/584886 |
| 856 |
Электронный адрес документа |
48 |
| q |
Тип электронного формата |
cover |
| u |
URL |
https://urait.ru/book/cover/CC8E31F6-D49D-47B3-B00D-56CBFCC5406D |
| 911 |
|
__ |
| u |
|
0030=https://urait.ru/bcode/584886 |
| 911 |
|
__ |
| u |
|
073a=9785534200263 |
| u |
|
073d=999.00 |
| 911 |
|
__ |
| u |
|
106a=s |
| 911 |
|
__ |
| u |
|
900l= |
| 952 |
Тип литературы |
__ |
| i |
Дисциплина |
Искусство и технология макияжа |
| 952 |
Тип литературы |
__ |
| i |
Дисциплина |
Основы косметологии |
| 952 |
Тип литературы |
__ |
| i |
Дисциплина |
Стрижки и укладки волос |
| 952 |
Тип литературы |
__ |
| i |
Дисциплина |
Основы декоративной косметики |
| 952 |
Тип литературы |
__ |
| i |
Дисциплина |
Выполнение комплекса косметических услуг по уходу за кожей лица, шеи и зоны декольте |
| 952 |
Тип литературы |
__ |
| i |
Дисциплина |
Выполнение комплекса косметических услуг по уходу за телом |
| 952 |
Тип литературы |
__ |
| i |
Дисциплина |
Санитарно-гигиеническая подготовка зоны обслуживания для предоставления эстетических услуг |
| 952 |
Тип литературы |
__ |
| i |
Дисциплина |
Проведение эстетико-технологических процессов косметических услуг |
| 952 |
Тип литературы |
__ |
| i |
Дисциплина |
Основы декоративной косметики и сценического грима |
| 952 |
Тип литературы |
__ |
| i |
Дисциплина |
Выполнение стрижек и укладок волос |
| 952 |
Тип литературы |
__ |
| i |
Дисциплина |
Косметология |
| 952 |
Тип литературы |
__ |
| i |
Дисциплина |
Выполнение салонного и специфического макияжа |
| 952 |
Тип литературы |
__ |
| i |
Дисциплина |
Предоставление косметических услуг |